| 000 | 01389nam a2200133Ia 4500 | ||
|---|---|---|---|
| 008 | 220615s9999||||xx |||||||||||||| ||und|| | ||
| 020 | _a9783040000000 | ||
| 245 | 0 | _aMolecular Basis of Apomixis in Plants | |
| 546 | _aEnglish[eng] | ||
| 650 | _aapomixis||evolution||germline||gene regulation||sporogenesis||plant reproduction||ribosome||RNA helicase||sexual development||stress response||apomeiosis||clonal seeds||endosperm||heterosis capture||molecular breeding||parthenogenesis||differentially expressed genes||hybridization||microarrays||polyploidy||Ranunculus||sexuality||character segregation||crop biotechnology||heterosis||meiosis||recombination||agamospermy||basal angiosperms (ANA-grade)||sporocyteless||polycomb-group proteins||reproductive systems||apomixis evolution||APOSTART||Poa pratensis||diplospory||autonomous endosperm||genetics||Taraxacum||dandelion||weeping lovegrass||drought stress||RNA-seq||plant breeding||plant development||Hieracium piloselloides||CRISPR/Cas9||PHYTOENE DESATURASE (PDS)||amplicon sequencing||genome editing||tissue culture||haploid progeny||dicotyledon||PsASGR-BBML||pseudogamy||5-azacytidine||abscisic acid||apospory||expression profiling||fluridone||metabolic homeostasis||oxidative stress||sucrose non-fermenting-related protein kinase||n/a | ||
| 700 | _aHojsgaard, Diego | ||
| 856 | _uhttps://mdpi.com/books/pdfview/book/4240 | ||
| 942 | _cEB | ||
| 999 |
_c10585 _d10585 |
||